Vybrané spôsoby na zefektívnenie distribučných procesov

Kooperácia ako východisko fungovania vzťahov v distribučných procesoch. Reinžiniering v distribučných procesoch. Outsourcing logistických činností.

Saved in:
Bibliographic Details
Main Author: Daňo, Ferdinand, 1959-
Format: Book Chapter
Language:Slovak
Subjects:
Tags: Add Tag
No Tags, Be the first to tag this record!

MARC

LEADER 00000naa$a2200000$$$4500
001 0120004
005 20240530083719.3
041 0 |a slo 
044 |a SK 
245 1 0 |a Vybrané spôsoby na zefektívnenie distribučných procesov  |c Ferdinand Daňo 
520 |a Kooperácia ako východisko fungovania vzťahov v distribučných procesoch. Reinžiniering v distribučných procesoch. Outsourcing logistických činností. 
610 2 0 |a distribúcia 
610 2 0 |a logistika 
610 2 0 |a reengineering 
610 2 0 |a outsourcing 
610 2 0 |a kooperácia 
610 2 0 |a koordinácia 
610 2 0 |a spolupráca podnikov 
610 2 0 |a partneri obchodní 
610 2 0 |a efektívnosť 
100 1 |a Daňo, Ferdinand, 1959-